Mối quan hệ giữa trí tuệ cảm xúc và hành vi ủng hộ xã hội của thanh thiếu niên /
Saved in:
| Main Author: | |
|---|---|
| Other Authors: | |
| Format: | Article |
| Language: | Vietnamese |
| Subjects: | |
| Tags: |
Add Tag
No Tags, Be the first to tag this record!
|
| Institutions: | Thư viện Trường Đại học Đà Lạt |
|---|
| LEADER | 00876nam a2200265 4500 | ||
|---|---|---|---|
| 001 | DLU180183476 | ||
| 005 | ##20180126 | ||
| 040 | # | # | |a DLU |b vie |
| 041 | # | # | |a vie |
| 044 | # | # | |a vn |
| 100 | # | # | |a Đỗ Thị Lệ Hằng. |
| 245 | # | # | |a Mối quan hệ giữa trí tuệ cảm xúc và hành vi ủng hộ xã hội của thanh thiếu niên / |c Đỗ Thị Lệ Hằng, Lê Thị Linh Trang. |
| 653 | # | # | |a Hành vi ủng hộ xã hội |
| 653 | # | # | |a Thanh thiếu niên |
| 653 | # | # | |a Trí tuệ cảm xúc |
| 700 | # | # | |a Lê Thị Linh Trang. |
| 773 | # | # | |t Tâm lý học |g Số 7(208), 2016, tr. 60-68 |
| 920 | # | # | |a Phòng Tạp chí -- Trung tâm Thông tin - Thư viện Trường Đại học Đà Lạt |
| 900 | # | # | |a True |
| 911 | # | # | |a Nguyễn Thị Thu Phương |
| 925 | # | # | |a G |
| 926 | # | # | |a A |
| 927 | # | # | |a BB |
| 980 | # | # | |a Thư viện Trường Đại học Đà Lạt |